| 000 | 00548nam a22001697a 4500 | ||
|---|---|---|---|
| 005 | 20251108172021.0 | ||
| 008 | 250721s1960 xx 000 0 ara d | ||
| 082 | 1 | 4 | _a811.1/خاز |
| 100 | 1 | _aأبي خازم، أبو نوفل بشر بن | |
| 245 | 1 | 0 | _aديوان بشر بن أبي خازم الأسدي / |
| 264 | 1 |
_aدمشق : _bوزارة الثقافة و الإرشاد القومي، _c1960. |
|
| 300 | _a283ص | ||
| 650 | 1 | 7 | _aالشعر الجاهلي |
| 700 | 1 |
_aحسن، عزة _eتحقيق |
|
| 942 |
_2ddc _cBK |
||
| 999 |
_c68347 _d68347 |
||